KOHA-Header-6

A Textbook of Electrical Machines (Record no. 12172)

000 -LEADER
fixed length control field 00314nam a22001337a 4500
020 ## - INTERNATIONAL STANDARD BOOK NUMBER
ISBN 978-93259-7562-0
082 ## - DEWEY DECIMAL CLASSIFICATION NUMBER
Classification number 621.31
100 ## - MAIN ENTRY--AUTHOR NAME
Personal name K R Siddhapura
245 ## - TITLE STATEMENT
Title A Textbook of Electrical Machines
260 ## - PUBLICATION, DISTRIBUTION, ETC. (IMPRINT)
Place of publication New Delhi
Name of publisher Vikas
Year of publication 2015
300 ## - PHYSICAL DESCRIPTION
Number of Pages 854
650 ## - SUBJECT ADDED ENTRY--TOPICAL TERM
Topical Term Electrical Engineering
942 ## - ADDED ENTRY ELEMENTS (KOHA)
Koha item type Books
Holdings
Withdrawn status Lost status Collection code Permanent Location Current Location Shelving location Date acquired Full call number Accession Number Koha item type
    Electrical Engineering MAJU MAJU Shelf No.A34 2019-11-18 621.31 9438 Electrical Engineering

Powered by Koha